| Tag |
First Indicator |
Second Indicator |
Subfields |
| LEADER |
00000cam a2200000 a 4500 |
| 001 |
in00000016163 |
| 005 |
20151007052711.0 |
| 008 |
880223s1987 iau b 00110 eng d |
| 010 |
|
|
|a 87082164
|
| 020 |
|
|
|a 0877451982
|
| 020 |
|
|
|a 0877451990 (pbk.)
|
| 035 |
|
|
|a (OCoLC)17527372
|
| 035 |
|
|
|9 AAA8849AM
|
| 040 |
|
|
|a PMC
|c PMC
|d NGU
|d TXA
|d UtOrBLW
|
| 049 |
|
|
|a TXAM
|c [A11050057]
|
| 050 |
|
4 |
|a PN51
|b .E65 1987
|
| 100 |
1 |
|
|a Empson, William,
|d 1906-1984.
|
| 245 |
1 |
0 |
|a Argufying :
|b essays on literature and culture /
|c William Empson ; edited with an introduction by John Haffenden.
|
| 250 |
|
|
|a 1st ed.
|
| 264 |
|
1 |
|a Iowa City :
|b University of Iowa Press,
|c 1987.
|
| 300 |
|
|
|a ix, 657 pages ;
|c 23 cm.
|
| 336 |
|
|
|a text
|b txt
|2 rdacontent
|
| 337 |
|
|
|a unmediated
|b n
|2 rdamedia
|
| 338 |
|
|
|a volume
|b nc
|2 rdacarrier
|
| 500 |
|
|
|a The Cushing Library/Lit./Mitchell copy contains a newspaper article about the author, "Burglar, ghost, friend, poet, drunk and hero."
|
| 504 |
|
|
|a Includes bibliographical references and index.
|
| 650 |
|
0 |
|a Literature and society.
|
| 700 |
1 |
|
|a Haffenden, John.
|
| 999 |
|
|
|a MARS
|
| 999 |
f |
f |
|s 2f3d03b1-1b40-3b7c-a40b-a45a9b056c21
|i ff2bf7e7-d32a-3fee-a359-7fa4166afac4
|t 0
|
| 952 |
f |
f |
|p normal
|a Texas A&M University
|b College Station
|c Sterling C. Evans Library
|d Evans: Library Stacks
|t 0
|e PN51 .E65 1987
|h Library of Congress classification
|i unmediated -- volume
|m A14811050057
|
| 952 |
f |
f |
|p noncirc
|a Texas A&M University
|b College Station
|c Cushing Memorial Library & Archives
|d Cushing: Literature/Mitchell (Does not check out)
|t 0
|e PN51 .E65 1987
|h Library of Congress classification
|i unmediated -- volume
|
| 998 |
f |
f |
|a PN51 .E65 1987
|t 0
|l Evans: Library Stacks
|
| 998 |
f |
f |
|a PN51 .E65 1987
|t 0
|l Cushing: Literature/Mitchell (Does not check out)
|